Jeux vidéo en image - X Y Z - Statistiques

Statistiques générales
  • Ce quiz a été pris 91 fois
    35 depuis la dernière actualisation
  • Le résultat moyen est 6 sur 20
Statistiques - réponses
Par images Réponse % Correct
Xenoblade Chronicles
71%
Yakuza 0
65%
Zombie Tsunami
65%
Yandere simulator
61%
Zoo Tycoon
52%
X-Men Origins: Wolverine
48%
Yu-Gi-Oh! Master Duel
42%
Zelda II: The Adventure of Link
42%
Xcom 2
32%
Yoshi s Crafted World
23%
Zuma
23%
ZombiU
19%
XIII
16%
Yooka-Laylee: The Impossible Lair
16%
Zombie Army 4: Dead War
16%
Yes,Your Grace
13%
Youtuber s Life OMG
10%
X4: Foundations
3%
Zone of the Enders
3%
Xuan-Yuan Sword 7
0%
Aucun quiz correspondant
Distribution des résultats
% des personnes avec chaque résultat
Percentile par nombre de réponses
Votre historique - résultats
Vous n’avez pas pris ce quiz depuis la dernière actualisation